Sports Quiz

Random Sports or NFL Quiz

NFL Alma Matters Quiz Stats

 Plays Quiz not verified by Sporcle

Also try: Final Four Cities
Challenge
Share
Tweet
Embed
Score 0/50 Timer 10:00
0 Plays Today
College % Correct
Ole Miss
94.6%
Ohio State
89.2%
East Carolina
85.6%
TCU
82.9%
Vanderbilt
82.9%
California
82%
Boston College
81.1%
Florida
81.1%
Alabama
81.1%
Texas Tech
79.3%
North Carolina
79.3%
USC
79.3%
Texas
79.3%
Texas
78.4%
California
77.5%
Southern Mississippi
76.6%
USC
74.8%
BYU
74.8%
Washington State
73%
New Mexico
69.4%
UCLA
67.6%
Troy
65.8%
Miami (FL)
64.9%
Miami (FL)
64.9%
Alabama
62.2%
College % Correct
Wisconsin
60.4%
Georgia
59.5%
Chattanooga
56.8%
Pittsburgh
56.8%
Louisiana Tech
55.9%
LSU
53.2%
Ohio State
51.4%
Oregon
51.4%
Georgia
44.1%
Pittsburgh
41.4%
Penn State
40.5%
Louisiana-Lafayette
39.6%
Georgia
39.6%
UNLV
38.7%
Idaho State
36.9%
Arizona State
36%
USC
34.2%
Villanova
29.7%
Georgia
26.1%
Purdue
23.4%
Memphis
11.7%
Tulsa
11.7%
South Dakota State
11.7%
Iowa
9.9%
Kentucky
9%

You're not logged in!

Compare scores with friends on all Sporcle quizzes.
Join for Free
OR
Log In

You Might Also Like...

Show Comments

Extras

Top Quizzes Today


Score Distribution

Your Account Isn't Verified!

In order to create a playlist on Sporcle, you need to verify the email address you used during registration. Go to your Sporcle Settings to finish the process.

Report this User

Report this user for behavior that violates our Community Guidelines.

Details: